Entomologie - Appliquée à L'agriculture. Tome 1: Coléoptères - Premier Volume
Αποθηκεύτηκε σε:
| Κύριος συγγραφέας: | |
|---|---|
| Μορφή: | Βιβλίο |
| Γλώσσα: | Undetermined |
| Έκδοση: |
Paris
Masson et Cie
1962
|
| Θέματα: | |
| Ετικέτες: |
Προσθήκη ετικέτας
Δεν υπάρχουν, Καταχωρήστε ετικέτα πρώτοι!
|
| Thư viện lưu trữ: | Trung tâm Học liệu Trường Đại học Cần Thơ |
|---|
| LEADER | 00533nam a2200181Ia 4500 | ||
|---|---|---|---|
| 001 | CTU_38570 | ||
| 008 | 210402s9999 xx 000 0 und d | ||
| 082 | |a 595.76 | ||
| 082 | |b B171 | ||
| 100 | |a A S Balachowsky | ||
| 245 | 0 | |a Entomologie - Appliquée à L'agriculture. Tome 1: Coléoptères - Premier Volume | |
| 245 | 2 | |c A S Balachowsky | |
| 260 | |a Paris | ||
| 260 | |b Masson et Cie | ||
| 260 | |c 1962 | ||
| 650 | |a entomology,insects | ||
| 904 | |i Sáng, 970906 | ||
| 980 | |a Trung tâm Học liệu Trường Đại học Cần Thơ | ||